000 00517nam a2200193 a 4500
001 1772625971307
003 YourLibrary
005 20260304173723.0
008 260304s2008##################000#0#eng##
020 _a9781405874304
082 0 4 _a327.7304
_bMCC
100 1 _aMcCauley, Martin,
_eauthor.
245 1 0 _aRussia, America and the Cold War, 1949-1991 :
260 _bPearson Education,
_c2008.
300 _a252 pages
650 0 _aHistory.
942 _cENGLISH
040 _aYourLibrary
_beng
_cYourLibrary
999 _c616854
_d616854